Memorias de Idhún (Registro nro. 19510)

Detalles MARC
000 -CABECERA
Longitud fija campo de control 00531cam a22001937 4500
001 - NÚMERO DE CONTROL
Número de control a4630001
003 - IDENTIFICADOR DELl NÚMERO DE CONTROL
Identificador del número de control OSt
005 - FECHA Y HORA DE LA ÚLTIMA TRANSACCIÓN
Fecha y hora de la última transacción 20150312150319.0
008 - CÓDIGOS DE INFORMACIÓN DE LONGITUD FIJA
Códigos de información de longitud fija 091110s2005 sp | |||| 000 1 spa
020 ## - NÚMERO INTERNACIONAL NORMALIZADO PARA LIBROS
Número Internacional Normalizado para Libros (ISBN) 84-675-0559-1
040 ## - FUENTE DE LA CATALOGACIÓN
Centro transcriptor BMC
082 ## - NÚMERO DE LA CLASIFICACIÓN DECIMAL DEWEY
Númeroo de clasificación 863
100 1# - PUNTO DE ACCESO PRINCIPAL-NOMBRE DE PERSONA
Nombre de persona Gallego García, Laura
9 (RLIN) 32626
245 10 - MENCIÓN DE TÍTULO
Título Memorias de Idhún
Número de parte o sección de la obra Libro II
Nombre de parte o sección de la obra Tríada
Mención de responsabilidad, etc. Laura Gallego García
260 ## - PUBLICACIÓN, DISTRIBUCIÓN, ETC. (PIE DE IMPRENTA)
Lugar de publicación, distribución, etc. Boadilla del Monte, Madrid
Nombre del editor, distribuidor, etc. SM
Fecha de publicación, distribución, etc. D.L. 2005
300 ## - DESCRIPCIÓN FÍSICA
Extensión 766 p.
Dimensiones 20 cm
650 24 - PUNTO DE ACCESO ADICIONAL DE MATERIA - TÉRMINO DE MATERIA
9 (RLIN) 29289
Término de materia o nombre geográfico como elemento inicial Novela española
942 ## - ENTRADA DE ELEMENTOS AGREGADOS (KOHA)
Fuente de clasificaión o esquema Dewey Decimal Classification
Koha [por defecto] tipo de item 1- Monografias
Parte de clasificación ahoj
Existencias
Suprimido Perdido Fuente de clasificación o esquema Estropeado Restricciones de uso No para préstamo Código de colección Localización permanente Localización actual Localización en estanter&íacute;as Fecha adquisición Fuente de adquisición Número de inventario Préstamos totales Signatura completa Código de barras Fecha última consulta Coste, precio reemplazado Fecha del precio de reemplazo Tipo de item de Koha
NULL NULL Dewey Decimal Classification NULL Prestable NULL NULL Biblioteca Miguel de Cervantes - UNICAES Biblioteca Miguel de Cervantes - UNICAES Sala Principal 18/03/2015 Donación - ADESH 029128   N GAL mem 1029760 18/03/2015 30.00 18/03/2015 1- Monografias